| 000 | 00516nam a2200157 a 4500 | ||
|---|---|---|---|
| 001 | 000028687 | ||
| 005 | 20240305090859.0 | ||
| 008 | 110411s1959 dr c 000 | spa d | ||
| 040 |
_aDO-SdBNP _bspa _cBNPHU |
||
| 082 |
_axxx _bT866V |
||
| 100 | 1 |
_aVerges, Pedro, _d1945- _912149 |
|
| 245 | 1 | 0 |
_aBiografía del generalísimo Héctor B. Trujillo Molina / _cPedro L. Vergés Vidal. |
| 260 |
_aCiudad Trujillo, República Dominicana : _bEditorial La Nación, _c1959. |
||
| 300 |
_a16 p. : _bretr. ; _c23 cm. |
||
| 049 | _aBNPD | ||
| 999 |
_c28179 _d28179 |
||